1668 1280 1723 1079 1451 1856 1468 1197 1616 1671 1574 1955 1937 1187 1075 1328 1761 1438 1805 1083 1021 1193 1182 1893 1712 1043 1428 1651 1060 1024 1193 1879 1963 1438 1835 1023 1460 1345 1607 1440 1802 1604 1482 1594 1093 1678 1972 1240 1873 1701 1199 1563 1941 1301 1146 1866 1225 1178 1725 1248 1390 1104 1483 1295 1022 1063 1721 1882 1535 1209 1925 1630 1545 1857 1580 1087 1031 1331 1536 1870 1623 1781 1559 1005 1846 1776 1289 1920 1214 1103 1882 1764 1383 1427 1721 1478 1230 1687 1921 BCNSPRNW ULIB Ver.6.0+V

เปลี่ยนเป็นภาษาไทย

Change to English
 แสดงรายละเอียดบรรณานุกรม
  กลับหน้าหลัก

Brief Record : Get Marc (ISO 2709) : E-mail record : QR code < ปิดหน้าต่าง
LEADER : 00000nam 2200000uu 4500
001    13399122339
003     ULIB
008    020711s2550 th a 000 0 tha d
020    9789744348326
090    นว.^bจ547ค
100    จิลเลียน ฟลินน์,^eเขียน
110    ฟิสิกส์เซ็นเตอร์
245    คมมรณะ/^cจิลเลียน ฟลินน์
260    กรุงเทพฯ :^bฟิสิกส์เซ็นเตอร์,^c2550
300    344 หน้า
700    อาสยา ฐกัดกุล,^eแปล
945    ^p230^l0^i021598
999    ^aทศพร
รายการนี้ยังไม่มีแท็ก
คุณยังไม่ได้ล็อกอิน คุณสามารถมีกิจกรรมร่วมกับเว็บไซต์ได้ แต่ต้องล็อกอินก่อน ::
  ล็อกอิน

รายการสื่อสารสนเทศ

ลำดับที่ ประเภท เลขเรียก/บาร์โค้ด สถานที่ สถานะ
1. นวนิยาย
นวนิยาย
นว. จ547ค ฉ.1 
  Barcode: 021598
ห้องสมุดวิทยาเขตสวรรค์ประชารักษ์
►นวนิยาย
บนชั้น
  ขอยืม

BibComment


ยังไม่เคยถูกคอมเมนท์

คอมเมนท์ทรัพยากรรายการนี้
  คอมเมนท์: คมมรณะ จิลเลียน ฟ..


 Copyright 2026. Bcnsprnw @Library